书目信息 |
| 题名: |
世界典型建筑细部设计
|
|
| 作者: | 伯登 编著 | |
| 分册: | ||
| 出版信息: | 北京 中国建筑工业出版社 1997.04 |
|
| 页数: | 278页 | |
| 开本: | 16开 | |
| 丛书名: | ||
| 单 册: | ||
| 中图分类: | ||
| 科图分类: | ||
| 主题词: | 建筑构造--结构设计 | |
| 电子资源: | ||
| ISBN: | 7-112-03080-3 | |
| 000 | 00596nam0 2200205 45 | |
| 001 | 9911120830 | |
| 005 | 20010323154138.5 | |
| 010 | @a7-112-03080-3@d55.00元 | |
| 100 | @a19991112d1997 km y0chiy0120 ea | |
| 101 | @achi | |
| 105 | @a z 000yy | |
| 200 | 1 | @a世界典型建筑细部设计@AShi Jie Dian Xing Jian ZhuXiBu She Ji@f(美)伯登编著@F(Mei)Bo Deng Bian Zhu |
| 210 | @a北京@c中国建筑工业出版社@d1997.04 | |
| 215 | @a278页@d16开 | |
| 606 | 0 | @a建筑构造@x结构设计 |
| 690 | @v3 | |
| 690 | @aTU22@v3 | |
| 701 | @a伯登@4编著 | |
| 801 | @aCN@bPFTUser@c19991112 | |
| 905 | @dTU22@eB.264@b331597-599@f3 | |
| 世界典型建筑细部设计/(美)伯登编著.-北京:中国建筑工业出版社,1997.04 |
| 278页;16开 |
| ISBN 7-112-03080-3:55.00元 |
| ● |
| 相关链接 |
|
|
|
正题名:世界典型建筑细部设计
索取号:TU22/B.264
 
预约/预借
| 序号 | 登录号 | 条形码 | 馆藏地/架位号 | 状态 | 备注 |
| 1 | 331597 | 203315974 | 建筑库101/101建筑库 45排4列2层/ [索取号:TU22/B.264] | 在馆 | |
| 2 | 331598 | 203315983 | 建筑库101/101建筑库 45排4列2层/ [索取号:TU22/B.264] | 在馆 | |
| 3 | 331599 | 203315992 | 自科二线404/404自科库 11排5列6层/ [索取号:TU22/B.264] | 在馆 |